000
00186 a2200097 4500
001
38019
100
_a
Thompson S
245
_a
260
_a
Singapore
_b
_c
1988
090
_c
24198
_d
24198
942
_a
NUST-CAE
_c
_c
15778
999
_c
273092
_d
273092